[Event "Dan Kragujevca 2009"]
[Site "Kragujevac"]
[Date "2009.04.12"]
[Round "4.26"]
[White "Kostic, Tomislav"]
[Black "Petrovic, Tijana"]
[Result "1-0"]
[WhiteElo "1380"]
[BlackElo "1360"]
[PlyCount "91"]
[EventDate "2009.04.11"]

1. e4 c5 2. Nf3 Nc6 3. d4 cxd4 4. Nxd4 Qc7 5. Nc3 e6 6. Be3 a6 7. Be2 Nf6 8.
O-O Bb4 9. Na4 Be7 10. Nxc6 bxc6 11. Nb6 Rb8 12. Nxc8 Qxc8 13. e5 Nd5 14. Bd4
O-O 15. c4 Nf4 16. Bf3 Rd8 17. Qd2 Ng6 18. Rab1 d6 19. exd6 Bxd6 20. Qe3 Qc7
21. g3 Be5 22. Ba7 Rb7 23. Bc5 Bf6 24. b3 Be7 25. Bxe7 Nxe7 26. Rfd1 Rbb8 27.
Bg2 Rxd1+ 28. Rxd1 Rd8 29. Qe2 Kf8 30. Rd3 Rxd3 31. Qxd3 g6 32. b4 c5 33. a3
Ke8 34. b5 a5 35. a4 Nf5 36. Bc6+ Ke7 37. Qd2 Nd4 38. Qg5+ Kf8 39. Qxc5+ Kg8
40. Qxd4 Qb8 41. b6 Qc8 42. Qd7 Qb8 43. Qe8+ Qxe8 44. Bxe8 Kf8 45. Bb5 Ke7 46.
b7 1-0